| 000 | 00551cam a2200205ua 4500 | ||
|---|---|---|---|
| 001 | 929 | ||
| 008 | 110423n ii |||gr||||Z||||||eng | ||
| 020 | _a81-225-0003-x | ||
| 040 | _cMAIN | ||
| 082 | _a350.1 | ||
| 245 | 1 |
_aPublic administration in theory and practice. _cBy M P Sharma. |
|
| 250 | _a37th. | ||
| 260 |
_aNew Delhi.: _bKitab mahal.,998. |
||
| 300 |
_axii, 839 p.: _c36 cm. |
||
| 653 | _aPolitical science. | ||
| 653 | _aPublic administration in theory and practice. | ||
| 700 | 1 | _aSharma, M P., | |
| 700 | 1 | _aSadana, B L., | |
| 942 | _cBK | ||
| 999 |
_c852 _d852 |
||